Online
Catalog

Poesia popular, alcances y apendice. : (Record no. 15885)

MARC details
000 -CABECERA
campo de control de longitud fija 01447cam a22002771 4500
001 - NÚMERO DE CONTROL
campo de control 000016350
005 - FECHA Y HORA DE LA ÚLTIMA TRANSACCIÓN
campo de control 20200929164402.0
008 - DATOS DE LONGITUD FIJA--INFORMACIÓN GENERAL
campo de control de longitud fija 811014s1960 mx 000 0 spa
010 ## - NÚMERO DE CONTROL DE LA BIBLIOTECA DEL CONGRESO
Número de control de LC 61041462
035 ## - NÚMERO DE CONTROL DEL SISTEMA
Número de control de sistema (OCoLC)7847765
040 ## - FUENTE DE LA CATALOGACIÓN
Centro catalogador/agencia de origen DO-SdBNP
Centro/agencia transcriptor NmU
Centro/agencia modificador DLC
042 ## - CÓDIGO DE AUTENTICACIÓN
Código de autenticación premarc
050 00 - SIGNATURA TOPOGRÁFICA DE LA BIBLIOTECA DEL CONGRESO
Número de clasificación PQ8214
Número de documento/Ítem .P62
245 00 - MENCIÓN DE TÍTULO
Título Poesia popular, alcances y apendice. :
Resto del título Indices.
260 ## - PUBLICACIÓN, DISTRIBUCIÓN, ETC.
Lugar de publicación, distribución, etc. Puebla, Mexico, :
Nombre del editor, distribuidor, etc. J. M. Cajica, Jr.,
Fecha de publicación, distribución, etc. [1960].
300 ## - DESCRIPCIÓN FÍSICA
Extensión 653 p. :
Otras características físicas illus. ;
Dimensiones 22 cm.
440 #0 - MENCIÓN DE SERIE/PUNTO DE ACCESO ADICIONAL--TÍTULO
Título Biblioteca ecuatoriana minima, la colonia y la republica.
9 (RLIN) 3109
504 ## - NOTA DE BIBLIOGRAFÍA, ETC.
Nota de bibliografía, etc. Includes bibliographies.
505 0# - NOTA DE CONTENIDO CON FORMATO
Nota de contenido con formato Poesia popular; introduccion, por I. J. Barrera.--La poesia quichua.--Selecciones.--Coplas y cantares del pueblo ecuatoriano; estudio preliminar, por I. J. Barrera.--Selecciones.--Cantares de la cosgta ecuatoriana.--Poesia popular de la independencia.--Alcances.--Apendices: Atahualpa y Huascar vistos por F. G. Poma de Ayala; estudio, transcripciones, vocabulario y bibliografia por O. Holm.--Miguel de Estete; introduccion y notas, por C. M. Larrea.--Noticia del Peru de M. de Estete.--Indices alfabeticos de toda la Biblioteca.
650 #0 - PUNTO DE ACCESO ADICIONAL DE MATERIA--TÉRMINO DE MATERIA
Término de materia o nombre geográfico como elemento de entrada Ecuadorian poetry.
9 (RLIN) 36465
650 #0 - PUNTO DE ACCESO ADICIONAL DE MATERIA--TÉRMINO DE MATERIA
Término de materia o nombre geográfico como elemento de entrada Folk-songs, ecuadorian.
9 (RLIN) 36466
650 #0 - PUNTO DE ACCESO ADICIONAL DE MATERIA--TÉRMINO DE MATERIA
Término de materia o nombre geográfico como elemento de entrada Ecuadorian poetry
Subdivisión general History and criticism.
9 (RLIN) 36467
700 1# - PUNTO DE ACCESO ADICIONAL--NOMBRE DE PERSONA
Nombre de persona Barrera, Isaac J.,
Término indicativo de función/relación ed.
9 (RLIN) 36468
730 0# - PUNTO DE ACCESO ADICIONAL--TÍTULO UNIFORME
Título uniforme Biblioteca ecuatoriana minima. (Indexes).
9 (RLIN) 36469
910 ## - DATOS DE OPCIÓN DEL USUARIO (OCLC)
Datos de opción del usuario Catalogación derivada
Holdings
Estado de retiro Estado de pérdida Restricciones de uso No para préstamo Código de colección Localización permanente Ubicación/localización actual Ubicación en estantería Fecha de adquisición Número de inventario Total de préstamos Signatura topográfica completa Código de barras Fecha visto por última vez Precio válido a partir de Tipo de ítem Koha
      Préstamo restrigido Monografías: Libros y Folletos General General En encuadernación 03.03.2010 LF1   16350-10 25.06.2020 25.06.2020 No se presta

Powered by Koha